Patentes da PM-SP - Statistics

Estatísticas Gerais
  • Esse quiz foi jogado 71 vezes
  • A pontuação média é 11 de 13
Estatísticas das Respostas
Patente % Correto
Soldado
100%
Cabo
98%
Segundo-Tenente
95%
Terceiro Sargento
95%
Segundo Sargento
93%
Primeiro Sargento
88%
Primeiro-Tenente
88%
Major
83%
Capitão
81%
Coronel
76%
Subtenente
67%
Tenente-Coronel
67%
Aspirante
60%
Nenhum quiz correspondente encontrado
Distribuição das Pontuações
Porcentagem de Pessoas com Cada Pontuação
Percentil de Números Respondidos
Sua Pontuação Histórica
Você não jogou esse quiz